<?xml version="1.0" encoding="UTF-8"?>
<record
    xmlns:xsi="http://www.w3.org/2001/XMLSchema-instance"
    xsi:schemaLocation="http://www.loc.gov/MARC21/slim http://www.loc.gov/standards/marcxml/schema/MARC21slim.xsd"
    xmlns="http://www.loc.gov/MARC21/slim">

  <leader>00776    a2200193   4500</leader>
  <controlfield tag="005">20240704122924.0</controlfield>
  <datafield tag="010" ind1=" " ind2=" ">
    <subfield code="a">B-759595-603</subfield>
  </datafield>
  <datafield tag="020" ind1=" " ind2=" ">
    <subfield code="a">9789391914974</subfield>
    <subfield code="c">450.00</subfield>
  </datafield>
  <datafield tag="035" ind1=" " ind2=" ">
    <subfield code="a">B-759595-603</subfield>
  </datafield>
  <datafield tag="037" ind1=" " ind2=" ">
    <subfield code="b">Sunnvik book</subfield>
  </datafield>
  <datafield tag="082" ind1=" " ind2=" ">
    <subfield code="a">250</subfield>
  </datafield>
  <datafield tag="100" ind1=" " ind2=" ">
    <subfield code="a">Bansal, Sunita Pant</subfield>
    <subfield code="9">68126</subfield>
  </datafield>
  <datafield tag="245" ind1=" " ind2=" ">
    <subfield code="a">Puranas The Origin of Gods and Goddesses /</subfield>
    <subfield code="c">Sunita Pant Bansal</subfield>
  </datafield>
  <datafield tag="260" ind1=" " ind2=" ">
    <subfield code="a">Mumbai</subfield>
    <subfield code="b">Shree Book Center</subfield>
    <subfield code="c">2022</subfield>
  </datafield>
  <datafield tag="270" ind1=" " ind2=" ">
    <subfield code="a">8, Kakad Industrial Estate, S. Keer Marg, Off L.J. Road Matunga (West)</subfield>
    <subfield code="b">Mumbai</subfield>
    <subfield code="e">400016</subfield>
  </datafield>
  <datafield tag="300" ind1=" " ind2=" ">
    <subfield code="a">328  p.</subfield>
    <subfield code="c">21 cm(Pb)</subfield>
  </datafield>
  <datafield tag="942" ind1=" " ind2=" ">
    <subfield code="a">dpl</subfield>
    <subfield code="c">CH</subfield>
    <subfield code="2">ddc</subfield>
    <subfield code="h">250</subfield>
    <subfield code="m">BAN</subfield>
  </datafield>
  <datafield tag="999" ind1=" " ind2=" ">
    <subfield code="c">203552</subfield>
    <subfield code="d">203552</subfield>
  </datafield>
  <datafield tag="952" ind1=" " ind2=" ">
    <subfield code="0">0</subfield>
    <subfield code="1">0</subfield>
    <subfield code="4">0</subfield>
    <subfield code="7">0</subfield>
    <subfield code="8">NFIC</subfield>
    <subfield code="a">L</subfield>
    <subfield code="b">L</subfield>
    <subfield code="d">2024-07-04</subfield>
    <subfield code="e">Sunnvik books/GST-INI/11.06.2024/192/07.06.2024/18.06.2024</subfield>
    <subfield code="g">450.00</subfield>
    <subfield code="l">3</subfield>
    <subfield code="m">4</subfield>
    <subfield code="o">250 BAN</subfield>
    <subfield code="p">B-759595</subfield>
    <subfield code="r">2025-09-18 00:00:00</subfield>
    <subfield code="s">2025-09-06</subfield>
    <subfield code="t">1</subfield>
    <subfield code="v">450.00</subfield>
    <subfield code="w">2024-07-04</subfield>
    <subfield code="y">CH</subfield>
  </datafield>
  <datafield tag="952" ind1=" " ind2=" ">
    <subfield code="0">0</subfield>
    <subfield code="1">0</subfield>
    <subfield code="4">0</subfield>
    <subfield code="7">0</subfield>
    <subfield code="8">NFIC</subfield>
    <subfield code="a">AV</subfield>
    <subfield code="b">AV</subfield>
    <subfield code="d">2024-07-04</subfield>
    <subfield code="e">Sunnvik books/GST-INI/11.06.2024/192/07.06.2024/18.06.2024</subfield>
    <subfield code="g">450.00</subfield>
    <subfield code="l">3</subfield>
    <subfield code="m">3</subfield>
    <subfield code="o">250 BAN</subfield>
    <subfield code="p">B-759596</subfield>
    <subfield code="r">2025-05-24 00:00:00</subfield>
    <subfield code="s">2025-04-07</subfield>
    <subfield code="t">1</subfield>
    <subfield code="v">450.00</subfield>
    <subfield code="w">2024-07-04</subfield>
    <subfield code="y">CH</subfield>
  </datafield>
  <datafield tag="952" ind1=" " ind2=" ">
    <subfield code="0">0</subfield>
    <subfield code="1">0</subfield>
    <subfield code="4">0</subfield>
    <subfield code="7">0</subfield>
    <subfield code="8">NFIC</subfield>
    <subfield code="a">BL1</subfield>
    <subfield code="b">BL1</subfield>
    <subfield code="d">2024-07-04</subfield>
    <subfield code="e">Sunnvik books/GST-INI/11.06.2024/192/07.06.2024/18.06.2024</subfield>
    <subfield code="g">450.00</subfield>
    <subfield code="l">4</subfield>
    <subfield code="m">3</subfield>
    <subfield code="o">250 BAN</subfield>
    <subfield code="p">B-759597</subfield>
    <subfield code="r">2026-05-11 14:57:53</subfield>
    <subfield code="s">2026-03-25</subfield>
    <subfield code="t">1</subfield>
    <subfield code="v">450.00</subfield>
    <subfield code="w">2024-07-04</subfield>
    <subfield code="y">CH</subfield>
  </datafield>
  <datafield tag="952" ind1=" " ind2=" ">
    <subfield code="0">0</subfield>
    <subfield code="1">0</subfield>
    <subfield code="4">0</subfield>
    <subfield code="7">0</subfield>
    <subfield code="8">NFIC</subfield>
    <subfield code="a">JP</subfield>
    <subfield code="b">JP</subfield>
    <subfield code="d">2024-07-04</subfield>
    <subfield code="e">Sunnvik books/GST-INI/11.06.2024/192/07.06.2024/18.06.2024</subfield>
    <subfield code="g">450.00</subfield>
    <subfield code="l">3</subfield>
    <subfield code="o">250 BAN</subfield>
    <subfield code="p">B-759598</subfield>
    <subfield code="r">2025-09-13 00:00:00</subfield>
    <subfield code="s">2025-08-29</subfield>
    <subfield code="t">1</subfield>
    <subfield code="v">450.00</subfield>
    <subfield code="w">2024-07-04</subfield>
    <subfield code="y">CH</subfield>
  </datafield>
  <datafield tag="952" ind1=" " ind2=" ">
    <subfield code="0">0</subfield>
    <subfield code="1">0</subfield>
    <subfield code="4">0</subfield>
    <subfield code="7">0</subfield>
    <subfield code="8">NFIC</subfield>
    <subfield code="a">ZLS</subfield>
    <subfield code="b">ZLS</subfield>
    <subfield code="d">2024-07-04</subfield>
    <subfield code="e">Sunnvik books/GST-INI/11.06.2024/192/07.06.2024/18.06.2024</subfield>
    <subfield code="g">450.00</subfield>
    <subfield code="l">3</subfield>
    <subfield code="m">3</subfield>
    <subfield code="o">250 BAN</subfield>
    <subfield code="p">B-759599</subfield>
    <subfield code="r">2025-12-29 00:00:00</subfield>
    <subfield code="s">2025-12-10</subfield>
    <subfield code="t">1</subfield>
    <subfield code="v">450.00</subfield>
    <subfield code="w">2024-07-04</subfield>
    <subfield code="y">CH</subfield>
  </datafield>
  <datafield tag="952" ind1=" " ind2=" ">
    <subfield code="0">0</subfield>
    <subfield code="1">0</subfield>
    <subfield code="4">0</subfield>
    <subfield code="7">0</subfield>
    <subfield code="8">NFIC</subfield>
    <subfield code="a">VP</subfield>
    <subfield code="b">VP</subfield>
    <subfield code="d">2024-07-04</subfield>
    <subfield code="e">Sunnvik books/GST-INI/11.06.2024/192/07.06.2024/18.06.2024</subfield>
    <subfield code="g">450.00</subfield>
    <subfield code="l">0</subfield>
    <subfield code="o">250 BAN</subfield>
    <subfield code="p">B-759600</subfield>
    <subfield code="r">2024-07-04 00:00:00</subfield>
    <subfield code="t">1</subfield>
    <subfield code="v">450.00</subfield>
    <subfield code="w">2024-07-04</subfield>
    <subfield code="y">CH</subfield>
  </datafield>
  <datafield tag="952" ind1=" " ind2=" ">
    <subfield code="0">0</subfield>
    <subfield code="1">0</subfield>
    <subfield code="4">0</subfield>
    <subfield code="7">0</subfield>
    <subfield code="8">NFIC</subfield>
    <subfield code="a">NR</subfield>
    <subfield code="b">NR</subfield>
    <subfield code="d">2024-07-04</subfield>
    <subfield code="e">Sunnvik books/GST-INI/11.06.2024/192/07.06.2024/18.06.2024</subfield>
    <subfield code="g">450.00</subfield>
    <subfield code="l">0</subfield>
    <subfield code="o">250 BAN</subfield>
    <subfield code="p">B-759601</subfield>
    <subfield code="r">2024-07-04 00:00:00</subfield>
    <subfield code="t">1</subfield>
    <subfield code="v">450.00</subfield>
    <subfield code="w">2024-07-04</subfield>
    <subfield code="y">CH</subfield>
  </datafield>
  <datafield tag="952" ind1=" " ind2=" ">
    <subfield code="0">0</subfield>
    <subfield code="1">0</subfield>
    <subfield code="4">0</subfield>
    <subfield code="7">0</subfield>
    <subfield code="8">NFIC</subfield>
    <subfield code="a">BN</subfield>
    <subfield code="b">BN</subfield>
    <subfield code="d">2024-07-04</subfield>
    <subfield code="e">Sunnvik books/GST-INI/11.06.2024/192/07.06.2024/18.06.2024</subfield>
    <subfield code="g">450.00</subfield>
    <subfield code="l">0</subfield>
    <subfield code="o">250 BAN</subfield>
    <subfield code="p">B-759602</subfield>
    <subfield code="r">2024-07-04 00:00:00</subfield>
    <subfield code="t">1</subfield>
    <subfield code="v">450.00</subfield>
    <subfield code="w">2024-07-04</subfield>
    <subfield code="y">CH</subfield>
  </datafield>
  <datafield tag="952" ind1=" " ind2=" ">
    <subfield code="0">0</subfield>
    <subfield code="1">0</subfield>
    <subfield code="4">0</subfield>
    <subfield code="7">0</subfield>
    <subfield code="8">NFIC</subfield>
    <subfield code="a">BL4</subfield>
    <subfield code="b">BL4</subfield>
    <subfield code="d">2024-07-04</subfield>
    <subfield code="e">Sunnvik books/GST-INI/11.06.2024/192/07.06.2024/18.06.2024</subfield>
    <subfield code="g">450.00</subfield>
    <subfield code="l">1</subfield>
    <subfield code="m">1</subfield>
    <subfield code="o">250 BAN</subfield>
    <subfield code="p">B-759603</subfield>
    <subfield code="r">2024-09-02 00:00:00</subfield>
    <subfield code="s">2024-08-17</subfield>
    <subfield code="t">1</subfield>
    <subfield code="v">450.00</subfield>
    <subfield code="w">2024-07-04</subfield>
    <subfield code="y">CH</subfield>
  </datafield>
</record>
